[Event "Mar del Plata op 39th"]
[Site "Mar del Plata"]
[Date "2008.03.15"]
[Round "1"]
[White "Gonzalez, Roberto"]
[Black "Aguilar, Andres"]
[Result "0-1"]
[WhiteElo "2260"]
[BlackElo "2248"]
[PlyCount "80"]
[EventDate "2008.03.15"]
[EventType "swiss"]
[EventRounds "9"]
[EventCountry "ARG"]
[SourceTitle "CBM 123 Extra"]
[Source "ChessBase"]
[SourceDate "2008.05.06"]
[SourceVersion "1"]
[SourceVersionDate "2008.05.06"]
[SourceQuality "1"]

1. d4 Nf6 2. Nf3 g6 3. g3 Bg7 4. Bg2 0-0 5. 0-0 d6 6. c4 Nbd7 7. Nc3 e5 8. e3 Re8 9. Qc2 c6 10. b3 Nf8 11. Ba3 e4 12. Nd2 Bf5 13. Rac1 Qe7 14. h3 h5 15. Ne2 N8h7 16. Qc3 Qd7 17. Kh2 Ng5 18. Nf4 Kh7 19. Qb4 Rad8 20. d5 c5 21. Qb5 Qc7 22. h4 Nf3+ 23. Nxf3 exf3 24. Bh3 Ng4+ 25. Bxg4 hxg4 26. b4 Bd7 27. Qa5 b6 28. Qa6 Be5 29. b5 Bf5 30. Qa4 Qe7 31. Rh1 Rh8 32. Kg1 g5 33. hxg5+ Kg7 34. Nh5+ Kg6 35. e4 Rxh5 36. Rxh5 Kxh5 37. exf5 Kxg5 38. Re1 Qf8 39. Re4 Qh8 40. Qd1 Qh5 0-1

[Event "Pan American-ch U18"]
[Site "Bogota"]
[Date "2004.07.27"]
[Round "6"]
[White "Gonzalez, Roberto"]
[Black "Chang Suarez, Rommel Felipe"]
[Result "0-1"]
[WhiteElo "2288"]
[BlackElo "2138"]
[PlyCount "62"]
[EventDate "2004.07.24"]
[EventType "swiss"]
[EventRounds "9"]
[EventCountry "COL"]
[SourceTitle "CBM 101 Extra"]
[Source "ChessBase"]
[SourceDate "2004.09.01"]
[SourceVersion "2"]
[SourceVersionDate "2004.09.01"]
[SourceQuality "1"]

1. d4 c6 2. c4 d5 3. Nc3 Nf6 4. Bg5 e6 5. e3 Be7 6. Nf3 0-0 7. Qc2 Nbd7 8. Rc1 b6 9. Bd3 dxc4 10. Bxc4 Bb7 11. Be2 Rc8 12. 0-0 Nd5 13. Ne4 f5 14. Bxe7 Qxe7 15. Ned2 e5 16. dxe5 Nxe5 17. Nxe5 Qxe5 18. Nf3 Qf6 19. Rfd1 Rfd8 20. Nd4 c5 21. Nxf5 Nb4 22. Qb3+ Bd5 23. Rxd5 Nxd5 24. e4 Kh8 25. h3 Nf4 26. Bf3 Qg5 27. h4 Nh3+ 28. Kh2 Qxc1 29. Kxh3 Qf4 30. Qe6 Qc7 31. Bg4 Rf8 0-1

[Event "Fide Mercenarios-A"]
[Site "Mexico City"]
[Date "1999.??.??"]
[Round "8"]
[White "Gonzalez, Roberto"]
[Black "Lopez Michelone, Manuel"]
[Result "1/2-1/2"]
[WhiteElo "2210"]
[BlackElo "2150"]
[PlyCount "34"]
[EventDate "1999.??.??"]
[EventType "tourn"]
[EventRounds "11"]
[EventCountry "MEX"]
[SourceTitle "EXT 2001"]
[Source "ChessBase"]
[SourceDate "2000.11.22"]
[SourceVersion "1"]
[SourceVersionDate "2000.11.22"]
[SourceQuality "1"]

1. c4 Nf6 2. g3 g6 3. Bg2 Bg7 4. Nc3 0-0 5. d3 c5 6. e3 Nc6 7. Nge2 e6 8. 0-0 d5 9. Qc2 b6 10. Nf4 Bb7 11. cxd5 Nb4 12. Qb3 Nbxd5 13. Nfxd5 Nxd5 14. Nxd5 Bxd5 15. Bxd5 Qxd5 16. Qxd5 exd5 17. Rb1 a5 1/2-1/2

[Event "Fide Mercenarios-B"]
[Site "Mexico City"]
[Date "1999.??.??"]
[Round "5"]
[White "Gonzalez, Roberto"]
[Black "Villanueva Garciacano, Manuel"]
[Result "1-0"]
[WhiteElo "2210"]
[BlackElo "2055"]
[PlyCount "53"]
[EventDate "1999.??.??"]
[EventType "tourn"]
[EventRounds "11"]
[EventCountry "MEX"]
[SourceTitle "EXT 2001"]
[Source "ChessBase"]
[SourceDate "2000.11.22"]
[SourceVersion "1"]
[SourceVersionDate "2000.11.22"]
[SourceQuality "1"]

1. c4 e5 2. g3 Nf6 3. Bg2 Nc6 4. Nc3 Be7 5. Nf3 0-0 6. 0-0 d6 7. d4 Bg4 8. d5 Nb8 9. Be3 Nbd7 10. b4 a5 11. a3 axb4 12. axb4 Re8 13. Qb3 Bf8 14. Nb5 Rxa1 15. Rxa1 c6 16. dxc6 bxc6 17. Nc3 d5 18. cxd5 cxd5 19. Nxd5 Nxd5 20. Qxd5 Bxb4 21. Ng5 Qe7 22. Qc4 Bh5 23. Ra7 Qd6 24. Bd5 Rf8 25. Ne4 Qe7 26. Bg5 Bxe2 27. Qxe2 1-0

[Event "Fide Mercenarios 10th"]
[Site "Mexico City"]
[Date "1996.??.??"]
[Round "4"]
[White "Gonzalez, Roberto"]
[Black "Ruiz, Guillermo"]
[Result "1-0"]
[WhiteElo "2215"]
[BlackElo "2250"]
[PlyCount "103"]
[EventDate "1996.??.??"]
[EventType "tourn"]
[EventRounds "11"]
[EventCountry "MEX"]
[SourceTitle "EXT 2000"]
[Source "ChessBase"]
[SourceDate "1999.11.16"]
[SourceVersion "1"]
[SourceVersionDate "1999.11.16"]
[SourceQuality "1"]

1. c4 Nf6 2. g3 g6 3. Bg2 d5 4. cxd5 Nxd5 5. Nc3 Nxc3 6. bxc3 Bg7 7. Qb3 Nd7 8. Nf3 c5 9. 0-0 0-0 10. Rb1 e5 11. d3 Qc7 12. Be3 Rb8 13. a4 b6 14. Ng5 h6 15. Ne4 Ba6 16. c4 f5 17. Nc3 f4 18. Bd2 Bb7 19. Nb5 Qd8 20. Nxa7 Bxg2 21. Kxg2 Qg5 22. f3 Nf6 23. Nb5 Nh5 24. Rg1 e4 25. dxe4 Rbd8 26. Be1 fxg3 27. hxg3 Be5 28. g4 Nf4+ 29. Kf1 Nh3 30. Rg2 Nf4 31. Rg1 Nd3 32. Rd1 Qe3 33. Rg2 Qxe4 34. Rxd3 Qc6 35. Rd5 Bf4 36. Bg3 Qf6 37. Bxf4 Qxf4 38. Qd3 Qf6 39. Kf2 Qh4+ 40. Kf1 Qh1+ 41. Rg1 Qh3+ 42. Ke1 Qh4+ 43. Kd2 Kg7 44. Kc2 Rde8 45. Rd7+ Kh8 46. g5 Re5 47. gxh6 Qxh6 48. Rxg6 Rxe2+ 49. Kb3 Qe3 50. Nc3 Rxf3 51. Rg8+ Kxg8 52. Qh7+ 1-0

[Event "Mar del Plata 1st Rank"]
[Site "Mar del Plata"]
[Date "1996.??.??"]
[Round "1"]
[White "Palermo, Vicente"]
[Black "Gonzalez, Roberto"]
[Result "1/2-1/2"]
[WhiteElo "2230"]
[BlackElo "2215"]
[PlyCount "51"]
[EventDate "1996.??.??"]
[EventType "tourn"]
[EventRounds "10"]
[EventCountry "ARG"]
[SourceTitle "EXT 2000"]
[Source "ChessBase"]
[SourceDate "1999.11.16"]
[SourceVersion "1"]
[SourceVersionDate "1999.11.16"]
[SourceQuality "1"]

1. Nf3 d5 2. g3 Nf6 3. Bg2 g6 4. 0-0 Bg7 5. d3 0-0 6. Nbd2 c5 7. e4 Nc6 8. Re1 e5 9. exd5 Nxd5 10. Nc4 Re8 11. a4 Ndb4 12. Be3 Nd4 13. Bxd4 exd4 14. Rxe8+ Qxe8 15. Nd6 Qe7 16. Nxc8 Rxc8 17. Qd2 Qd7 18. b3 Re8 19. Re1 Rxe1+ 20. Nxe1 a6 21. Qf4 Qe8 22. Kf1 b5 23. axb5 Qxb5 24. Qc1 Bf6 25. Qd2 Bd8 26. Qe2 1/2-1/2

[Event "Fide Mercenarios 7th"]
[Site "Mexico City"]
[Date "1995.??.??"]
[Round "3"]
[White "Gonzalez, Roberto"]
[Black "Hurtado Rodriguez, Miguel"]
[Result "0-1"]
[WhiteElo "2200"]
[BlackElo "2295"]
[PlyCount "74"]
[EventDate "1995.??.??"]
[EventType "tourn"]
[EventRounds "9"]
[EventCountry "MEX"]
[SourceTitle "EXT 2000"]
[Source "ChessBase"]
[SourceDate "1999.11.16"]
[SourceVersion "1"]
[SourceVersionDate "1999.11.16"]
[SourceQuality "1"]

1. e4 c6 2. d4 d5 3. exd5 cxd5 4. Bd3 Nc6 5. Nf3 Bg4 6. c3 e6 7. 0-0 Nf6 8. Bg5 Be7 9. Nbd2 0-0 10. Re1 Bh5 11. Nf1 a6 12. Ng3 Bg6 13. Ne5 Nxe5 14. dxe5 Nd7 15. Bc1 Bc5 16. Bxg6 hxg6 17. Nf1 Qc7 18. Bf4 b5 19. Nd2 b4 20. Nf3 bxc3 21. bxc3 Rfc8 22. Be3 Ba3 23. Bd4 Bb2 24. Ng5 Bxa1 25. Qf3 Nf8 26. Rxa1 Rab8 27. h4 Rb5 28. h5 gxh5 29. Qxh5 Rcb8 30. c4 dxc4 31. g3 Qb7 32. Kh2 Rd8 33. Nf3 Rb1 34. Rxb1 Qxb1 35. Kg2 Qe4 36. Bc5 Rd3 37. Qxf7+ Kxf7 0-1

[Event "Fide Mercenarios 7th"]
[Site "Mexico City"]
[Date "1995.??.??"]
[Round "8"]
[White "Gonzalez, Roberto"]
[Black "Martin Del Campo C, Jorge Arturo"]
[Result "1/2-1/2"]
[WhiteElo "2200"]
[BlackElo "2215"]
[PlyCount "63"]
[EventDate "1995.??.??"]
[EventType "tourn"]
[EventRounds "9"]
[EventCountry "MEX"]
[SourceTitle "EXT 2000"]
[Source "ChessBase"]
[SourceDate "1999.11.16"]
[SourceVersion "1"]
[SourceVersionDate "1999.11.16"]
[SourceQuality "1"]

1. c4 Nf6 2. g3 e6 3. Bg2 d5 4. Nf3 Be7 5. d4 0-0 6. 0-0 Ne4 7. b3 Nd7 8. Bb2 f5 9. Ne1 Bg5 10. e3 Ndf6 11. Nd3 Bd7 12. Nd2 Be8 13. Nf4 Qd7 14. Ba3 Rf7 15. Nd3 Nxd2 16. Qxd2 Ng4 17. h3 Nf6 18. Ne5 Qd8 19. Nxf7 Bxf7 20. Rac1 c6 21. cxd5 exd5 22. Bc5 Bh5 23. Qb4 Qd7 24. Bd6 Ne4 25. Be5 Be7 26. Qe1 a5 27. Rc2 Bb4 28. Qc1 Ba3 29. Qb1 Bb4 30. Qc1 Ba3 31. Qb1 Bb4 32. Qc1 1/2-1/2

[Event "Fide Mercenarios 2nd"]
[Site "Mexico City"]
[Date "1995.??.??"]
[Round "?"]
[White "Guevara, Mario"]
[Black "Gonzalez, Roberto"]
[Result "0-1"]
[WhiteElo "2260"]
[BlackElo "2200"]
[PlyCount "78"]
[EventDate "1995.??.??"]
[EventType "tourn"]
[EventRounds "11"]
[EventCountry "MEX"]
[SourceTitle "EXT 2000"]
[Source "ChessBase"]
[SourceDate "1999.11.16"]
[SourceVersion "1"]
[SourceVersionDate "1999.11.16"]
[SourceQuality "1"]

1. e4 c5 2. Nc3 Nc6 3. g3 g6 4. Bg2 Bg7 5. Nh3 e6 6. 0-0 Nge7 7. d3 0-0 8. f4 d6 9. Be3 Rb8 10. Rb1 Qa5 11. Qd2 b5 12. a3 Bd7 13. Kh1 Qc7 14. Ne2 Nd4 15. g4 f5 16. gxf5 exf5 17. Ng3 Bc6 18. Ng5 Qd7 19. Qf2 h6 20. Nf3 Nxf3 21. Bxf3 a5 22. h4 Rf7 23. h5 g5 24. Qg2 fxe4 25. Bxe4 d5 26. fxg5 dxe4 27. dxe4 hxg5 28. Rxf7 Kxf7 29. Rf1+ Kg8 30. Bxg5 Rf8 31. h6 Rxf1+ 32. Qxf1 Bd4 33. h7+ Kxh7 34. Qf7+ Bg7 35. Qxe7 Qh3+ 36. Kg1 Qxg3+ 37. Kf1 Qf3+ 38. Kg1 Qxe4 39. Qxe4+ Bxe4 0-1

[Event "Fide Mercenarios 2nd"]
[Site "Mexico City"]
[Date "1995.??.??"]
[Round "?"]
[White "Lopez, Manuel"]
[Black "Gonzalez, Roberto"]
[Result "0-1"]
[WhiteElo "2245"]
[BlackElo "2200"]
[PlyCount "58"]
[EventDate "1995.??.??"]
[EventType "tourn"]
[EventRounds "11"]
[EventCountry "MEX"]
[SourceTitle "EXT 2000"]
[Source "ChessBase"]
[SourceDate "1999.11.16"]
[SourceVersion "1"]
[SourceVersionDate "1999.11.16"]
[SourceQuality "1"]

1. e4 c5 2. Nc3 Nc6 3. g3 g6 4. Bg2 Bg7 5. d3 e6 6. Be3 d6 7. Qd2 Rb8 8. Nge2 Nd4 9. Rb1 Bd7 10. 0-0 Ne7 11. Nd1 0-0 12. Nc1 e5 13. c3 Ne6 14. f4 exf4 15. gxf4 f5 16. Ne2 Bc6 17. Ng3 d5 18. e5 d4 19. Bf2 Bxg2 20. Kxg2 Qd5+ 21. Kg1 Qxa2 22. Rc1 Nc6 23. cxd4 cxd4 24. Rc4 Bh6 25. Ne2 Nxe5 26. Bxd4 Nxc4 27. dxc4 Rbd8 28. Qc3 Nxd4 29. Nxd4 Bg7 0-1

[Event "Fide Mercenarios 4th"]
[Site "Mexico City"]
[Date "1995.??.??"]
[Round "7"]
[White "Norgaard, Jesper"]
[Black "Gonzalez, Roberto"]
[Result "1-0"]
[WhiteElo "2315"]
[BlackElo "2200"]
[PlyCount "77"]
[EventDate "1995.??.??"]
[EventType "tourn"]
[EventRounds "11"]
[EventCountry "MEX"]
[SourceTitle "EXT 2000"]
[Source "ChessBase"]
[SourceDate "1999.11.16"]
[SourceVersion "1"]
[SourceVersionDate "1999.11.16"]
[SourceQuality "1"]

1. e4 c5 2. Nf3 Nc6 3. c3 d5 4. exd5 Qxd5 5. d4 e6 6. Bd3 Nf6 7. 0-0 cxd4 8. cxd4 Be7 9. Nc3 Qd6 10. Be3 0-0 11. Rc1 Rd8 12. Re1 Bd7 13. a3 Be8 14. b4 Ng4 15. Ne4 Nxe3 16. fxe3 Qb8 17. Nc5 g6 18. Be4 a6 19. Qc2 Rc8 20. Qa2 Rc7 21. Rc2 b6 22. Nxe6 fxe6 23. Bxc6 Bxc6 24. Qxe6+ Kg7 25. Rxc6 Rxc6 26. Qxc6 Ra7 27. Rc1 a5 28. bxa5 bxa5 29. a4 Bd6 30. Qd5 Rc7 31. Rf1 Re7 32. Ng5 Bxh2+ 33. Kh1 Bg3 34. Qf3 Bd6 35. Qf6+ Kg8 36. Nf7 Rxf7 37. Qxf7+ Kh8 38. e4 Qb4 39. e5 1-0

[Event "Fide Mercenarios 7th"]
[Site "Mexico City"]
[Date "1995.??.??"]
[Round "7"]
[White "Pla, Silvio"]
[Black "Gonzalez, Roberto"]
[Result "1/2-1/2"]
[WhiteElo "2245"]
[BlackElo "2200"]
[PlyCount "57"]
[EventDate "1995.??.??"]
[EventType "tourn"]
[EventRounds "9"]
[EventCountry "MEX"]
[SourceTitle "EXT 2000"]
[Source "ChessBase"]
[SourceDate "1999.11.16"]
[SourceVersion "1"]
[SourceVersionDate "1999.11.16"]
[SourceQuality "1"]

1. d4 Nf6 2. c4 e6 3. g3 d5 4. Bg2 Be7 5. Nf3 c6 6. 0-0 0-0 7. Qc2 Nbd7 8. b3 Ne4 9. Ne1 f5 10. f3 Bf6 11. Bb2 Ng5 12. Nd2 Qb6 13. c5 Qc7 14. Nd3 Nf7 15. e4 g6 16. exf5 exf5 17. Rae1 Bg5 18. Ne5 Nf6 19. f4 Bh6 20. h3 Ne4 21. Nxe4 fxe4 22. Bc1 Bg7 23. Be3 Be6 24. g4 Rae8 25. b4 Qc8 26. Kh2 Nxe5 27. fxe5 Rxf1 28. Rxf1 Rf8 29. Qe2 1/2-1/2

[Event "Fide Mercenarios 7th"]
[Site "Mexico City"]
[Date "1995.??.??"]
[Round "9"]
[White "Ruiz, Guillermo"]
[Black "Gonzalez, Roberto"]
[Result "1-0"]
[WhiteElo "2235"]
[BlackElo "2200"]
[PlyCount "109"]
[EventDate "1995.??.??"]
[EventType "tourn"]
[EventRounds "9"]
[EventCountry "MEX"]
[SourceTitle "EXT 2000"]
[Source "ChessBase"]
[SourceDate "1999.11.16"]
[SourceVersion "1"]
[SourceVersionDate "1999.11.16"]
[SourceQuality "1"]

1. e4 c5 2. Nf3 Nc6 3. d4 cxd4 4. Nxd4 g6 5. c4 Nf6 6. Nc3 Nxd4 7. Qxd4 d6 8. Be3 Bg7 9. f3 0-0 10. Qd2 Be6 11. Be2 Qa5 12. 0-0 Rfc8 13. b3 Ng4 14. Bd4 Bxd4+ 15. Qxd4 Qe5 16. Qxe5 Nxe5 17. f4 Nc6 18. f5 Bd7 19. Nd5 Kf8 20. Rad1 Ne5 21. f6 exf6 22. Nxf6 Be6 23. Rxd6 Ke7 24. Rd2 h6 25. Nd5+ Ke8 26. Rc1 Kf8 27. h3 h5 28. c5 Rd8 29. Rcd1 Rac8 30. b4 Rd7 31. Bb5 Rdd8 32. Kf2 Kg7 33. Ke3 a6 34. Be2 Re8 35. Kf4 f6 36. a3 Nf7 37. Nb6 Rb8 38. Bc4 g5+ 39. Ke3 f5 40. Rd4 f4+ 41. Kf2 g4 42. Bxe6 Rxe6 43. Nd5 g3+ 44. Kg1 Kh6 45. Nxf4 Rf6 46. Ne2 h4 47. e5 Nxe5 48. Rxh4+ Kg5 49. Re4 Ng6 50. Rd5+ Kh6 51. Nxg3 Nf4 52. Rd6 Rxd6 53. cxd6 Nd5 54. Rd4 Nb6 55. d7 1-0

[Event "Fide Mercenarios 1st"]
[Site "Mexico City"]
[Date "1994.??.??"]
[Round "3"]
[White "Hack, Bolivar"]
[Black "Gonzalez, Roberto"]
[Result "0-1"]
[WhiteElo "2000"]
[BlackElo "2000"]
[PlyCount "96"]
[EventDate "1994.??.??"]
[EventType "tourn"]
[EventRounds "11"]
[EventCountry "MEX"]
[SourceTitle "EXT 2000"]
[Source "ChessBase"]
[SourceDate "1999.11.16"]
[SourceVersion "1"]
[SourceVersionDate "1999.11.16"]
[SourceQuality "1"]

1. c4 e5 2. Nc3 Nf6 3. Nf3 Nc6 4. d4 exd4 5. Nxd4 Bb4 6. Bg5 Bxc3+ 7. bxc3 h6 8. Bh4 Ne5 9. e3 0-0 10. Be2 d6 11. 0-0 Ng6 12. Bg3 Ne4 13. Qc2 Nxg3 14. hxg3 Ne5 15. Rad1 Qe7 16. Nf5 Qf6 17. e4 Be6 18. Ne3 Nd7 19. f4 Nc5 20. f5 Bd7 21. Nd5 Qd8 22. f6 Ba4 23. Qd2 g5 24. Ne7+ Kh8 25. Qe3 Bxd1 26. Rxd1 Re8 27. Kf2 Rxe7 28. fxe7 Qxe7 29. Rh1 Kg7 30. Qd4+ f6 31. Bf3 Re8 32. Re1 Qe5 33. Qxe5 Rxe5 34. g4 Nd3+ 35. Ke2 Nxe1 36. Kxe1 Ra5 37. e5 Rxe5+ 38. Kd2 b6 39. Bd5 f5 40. gxf5 Rxf5 41. Kc2 h5 42. Kb3 h4 43. Kb4 g4 44. Kb5 h3 45. gxh3 gxh3 46. Kc6 h2 47. Bg2 Rc5+ 48. Kb7 d5 0-1

[Event "Fide Mercenarios 1st"]
[Site "Mexico City"]
[Date "1994.??.??"]
[Round "6"]
[White "Selvas, Silverio"]
[Black "Gonzalez, Roberto"]
[Result "0-1"]
[WhiteElo "2000"]
[BlackElo "2000"]
[PlyCount "54"]
[EventDate "1994.??.??"]
[EventType "tourn"]
[EventRounds "11"]
[EventCountry "MEX"]
[SourceTitle "EXT 2000"]
[Source "ChessBase"]
[SourceDate "1999.11.16"]
[SourceVersion "1"]
[SourceVersionDate "1999.11.16"]
[SourceQuality "1"]

1. d4 Nf6 2. c4 e6 3. Nc3 Bb4 4. e3 c5 5. Nge2 d5 6. dxc5 0-0 7. a3 Bxc5 8. b4 Bd6 9. cxd5 exd5 10. Nd4 Nc6 11. Bb5 Qc7 12. Bxc6 bxc6 13. h3 Ba6 14. Bb2 Rfe8 15. Qa4 Bb7 16. 0-0 a5 17. Qb3 Bc8 18. b5 c5 19. Nf3 Bb7 20. Qd1 Qd7 21. Qd3 Bc7 22. a4 Qd6 23. Rfd1 d4 24. b6 dxc3 25. bxc7 Qxd3 26. Rxd3 cxb2 27. Rb1 Be4 0-1